Former Flags of Countries - Statistics

General Stats
  • This quiz has been taken 69 times
    59 since last reset
  • The average score is 12 of 16
Answer Stats
Picture Answer % Correct
Brunei
100%
Burundi
100%
Canada
100%
Colombia
100%
Costa Rica
100%
Croatia
100%
Germany
100%
Ghana
100%
Guatemala
100%
Honduras
100%
Hungary
100%
India
100%
Italy
100%
Japan
100%
Mexico
100%
Mongolia
100%
Nepal
100%
North Korea | South Korea
100%
Philippines
100%
Poland | Lithuania
100%
Portugal
100%
Spain
100%
Sri Lanka
100%
Syria
100%
Thailand
100%
Ukraine
100%
United Kingdom
100%
United States
100%
Argentina
86%
D.R. Congo
86%
Lebanon
83%
Libya
83%
Brazil
80%
Chile
80%
South Africa
80%
Ireland
78%
Finland
75%
Greece
75%
Haiti
75%
Montenegro
75%
Sudan
75%
Tanzania
75%
Vietnam
75%
Myanmar
71%
Bosnia and Herzegovina
67%
Cambodia
67%
Iraq
67%
Lesotho
67%
Malawi
67%
North Macedonia
67%
Saudi Arabia
67%
Switzerland
67%
Iran
63%
Bolivia
60%
Ethiopia
60%
Netherlands
60%
Venezuela
60%
Australia
57%
Afghanistan
50%
Austria
50%
Belarus
50%
Comoros
50%
Egypt
50%
France
50%
Luxembourg
50%
Malaysia
50%
Mauritania
50%
Oman
50%
Russia
50%
Rwanda
50%
Sweden | Norway
50%
Turkey
50%
Yemen
50%
Zimbabwe
50%
United Arab Emirates
33%
Suriname
29%
El Salvador
25%
Georgia
25%
Lithuania
25%
Azerbaijan
20%
Mali
20%
China
0%
No matching quizzes found
Score Distribution
Percent of People with Each Score
Percentile by Number Answered
Your Score History
You have not taken this quiz since the last reset